| 000 | 01349cam a2200421 c 4500 | ||
|---|---|---|---|
| 001 | a50624 | ||
| 003 | DO-SdBNP | ||
| 005 | 20171121114559.0 | ||
| 007 | a50624 | ||
| 008 | 110610s2011 sp g |||| 000 e spa | ||
| 015 | _a | ||
| 017 |
_a _b |
||
| 020 | _a9788466324755 | ||
| 035 | _a | ||
| 040 |
_aBPMSU _bspa _cBPMSU _e |
||
| 080 | _a | ||
| 082 |
_aPe864.44 _bV297o |
||
| 100 | 1 |
_aVargas Llosa, Mario, _d1936- |
|
| 245 | 1 | 3 |
_aLa orgía perpetua Flaubert y Madame Bovary / _b _cMario Vargas Llosa |
| 250 | _a | ||
| 260 |
_a[Madrid] : _bSantillana, _c2011 |
||
| 300 |
_a235 p.; _c19 cm |
||
| 336 | _aTexto (visual) | ||
| 337 | _asin mediación | ||
| 490 | 0 |
_aPunto de lectura _aEnsayo _v4/22 |
|
| 500 | _aIncluye notas al pie de las páginas . | ||
| 586 | _aPremio Nobel de Literatura 2010 | ||
| 600 | 1 | 7 |
_aFLAUBERT, GUSTAVE , _d1821-1880 _tMADAME BOVARY _2 _xCRÍTICA E INTERPRETACIÓN |
| 600 | 1 | 7 |
_aFLAUBERT, GUSTAVE , _d1821-1880 _tMADAME BOVARY _xHISTORIA Y CRÍTICA |
| 650 | _aENSAYOS PERUANOS | ||
| 650 | _aLITERATURA PERUANA | ||
| 650 |
_aNOVELA FRANCESA _xCRÍTICA E INTERPRETACIÓN |
||
| 650 |
_aLITERATURA FRANCESA _xHISTORIA Y CRÍTICA |
||
| 830 |
_aPunto de lectura _pensayo _v4/22 |
||
| 942 |
_2ddc _cBK |
||
| 945 | _aInventariado extranjero / 2017 VM | ||
| 956 |
_a VMATEO _b10 _c20160707 _dBPMSU _f00069 |
||
| 999 |
_c10752 _d10752 |
||